000 00246nam a22001097a 4500
082 _aWAP
100 _aWAPDA
245 _aTransmission grid tations maintence tranning manual
260 _aWAPDA
_bGSO Tranning
_c1981
300 _aIRP
942 _cBK
999 _c14285
_d14285